Statistics for Guess the modern Skylines of Europe

Click here to take the quiz!

General Stats

  • This quiz has been taken 113 times
  • The average score is 10 of 16

Answer Stats

Answer% Correct
London
99%
Paris
94%
Madrid
86%
Frankfurt
84%
Moscow
83%
Warsaw
77%
Milan
72%
Amsterdam
65%
Vienna
63%
Prague
61%
Rotterdam
52%
Brussels
50%
Istanbul
48%
Manchester
40%
Belgrade
23%
Luxembourg City
13%

Score Distribution

Percentile by Number Answered

Percent of People with Each Score

Your Score History

You have not taken this quiz